Countries Closest to Turkmenistan - 15 Second Sprint - Statistics

General Stats
  • This quiz has been taken 43 times
  • The average score is 5 of 20
Answer Stats
km country miles % Correct
0 Uzbekistan 0
73%
0 Kazakhstan 0
46%
110 Tajikistan 68
46%
0 Afghanistan 0
41%
0 Iran 0
41%
321 Russia 200
41%
290 Kyrgyzstan 180
32%
616 China 383
30%
442 Pakistan 274
30%
199 Azerbaijan 123
27%
698 Iraq 433
24%
529 Armenia 329
16%
731 India 454
16%
479 Georgia 298
11%
676 Turkey 420
11%
1122 Oman 697
5%
958 Syria 595
5%
975 Kuwait 606
3%
1107 Saudi Arabia 688
0%
1168 United Arab Emirates 726
0%
No matching quizzes found
Score Distribution
Percent of People with Each Score
Percentile by Number Answered
Your Score History
You have not taken this quiz